| 000 | 00460nam a22001817a 4500 | ||
|---|---|---|---|
| 999 |
_c525750 _d525750 |
||
| 003 | NUST | ||
| 005 | 20190704064849.0 | ||
| 038 | _aFaiza | ||
| 082 |
_a891.4911 _bZUL |
||
| 100 |
_aZulfi Syed _916690 |
||
| 245 |
_aAkh dy Ohly/ _cZulfi Syed |
||
| 260 |
_aFaisalabad: _bMaktaba Tanveer Adab, _c1994. |
||
| 300 | _a144p. ; | ||
| 500 | _aHard Cover | ||
| 880 |
_6100-01\r _aزُلفی سید |
||
| 880 |
_6245-02\r _a /اکھّ دے اوہلے |
||
| 942 |
_2ddc _cBK |
||